000 00417nam a2200145 4500
999 _c1575
_d1575
008 200127b ||||| |||| 00| 0 eng d
082 0 0 _a629.9
_bD2291
100 _91210
_aDasgupta, S.
245 1 0 _aControl system theory : a textbook for engineering students /
_cby S Dasgupta
250 _a2nd ed.
260 _aDelhi
_bKhanna
_c1975
300 _axvi,1052 p.
650 0 _aFeedback control systems
942 _2ddc
_cBK